[Event "Stay Safe Play From Home 138"]
[Site "T#645932Emanuel Laske"]
[Date "2020.05.10"]
[Round "5"]
[White "Edmatuag"]
[Black "NeatFox"]
[Result "1-0"]
[WhiteElo "1710"]
[BlackElo "1858"]
[Annotator "NA RC"]
[PlyCount "65"]
[EventDate "2020.05.10"]
[EventType "swiss (blitz)"]

1. e4 {[%emt 0:00:02]} e5 {[%emt 0:00:01]} 2. Nf3 {[%emt 0:00:02]} Nc6 {[%emt 0:00:01]} 3. Bb5 {[%emt 0:00:00]} d6 {[%emt 0:00:01]} 4. O-O {[%emt 0:00:03]} Bg4 {[%emt 0:00:02]} 5. Nc3 {[%emt 0:00:03]} a6 {[%emt 0:00:04]} 6. Bxc6+ {[%emt 0:00:04]} bxc6 {[%emt 0:00:01]} 7. h3 {[%emt 0:00:02]} Bh5 {[%emt 0:00:01]} 8. Ne2 {[%emt 0:00:05]} Nf6 {[%emt 0:00:02]} 9. Ng3 {[%emt 0:00:01]} Bg6 {[%emt 0:00:03]} 10. d3 {[%emt 0:00:01]} Be7 {[%emt 0:00:01]} 11. c4 {[%emt 0:00:04]} Rb8 {[%emt 0:00:02]} 12. b3 {[%emt 0:00:01]} O-O {[%emt 0:00:02]} 13. Re1 {[%emt 0:00:02]} Qd7 {[%emt 0:00:14]} 14. Kh2 {[%emt 0:00:12]} Nh5 {[%emt 0:00:01]} 15. d4 {[%emt 0:00:11]} Nxg3 {[%emt 0:00:07]} 16. fxg3 {[%emt 0:00:04]} exd4 {[%emt 0:00:04]} 17. Qxd4 {[%emt 0:00:15]} Bf6 {[%emt 0:00:01]} 18. e5 {[%emt 0:00:01]} Be7 {[%emt 0:00:06]} 19. Bb2 {[%emt 0:00:20]} c5 {[%emt 0:00:07]} 20. Qd2 {[%emt 0:00:06]} Qc6 {[%emt 0:00:09]} 21. Rad1 {[%emt 0:00:08]} Rfe8 {[%emt 0:00:03]} 22. e6 {[%emt 0:00:28]} Bf6 {[%emt 0:00:16]} 23. Bxf6 {[%emt 0:00:06]} gxf6 {[%emt 0:00:01]} 24. e7 {[%emt 0:00:04]} Qd7 {[%emt 0:00:03]} 25. Qe3 {[%emt 0:00:09]} Rb7 {[%emt 0:00:06]} 26. Re2 {[%emt 0:00:14]} h5 {[%emt 0:00:08]} 27. Rde1 {[%emt 0:00:02]} Kg7 {[%emt 0:00:02]} 28. Nh4 {[%emt 0:00:03]} f5 {[%emt 0:00:09]} 29. Qc3+ {[%emt 0:00:11]} Kh7 {[%emt 0:00:05]} 30. Qf6 {[%emt 0:00:06]} c6 {[%emt 0:00:08]} 31. Nxg6 {[%emt 0:00:08]} fxg6 {[%emt 0:00:01]} 32. Qf7+ {[%emt 0:00:01]} Kh6 {[%emt 0:00:01]} 33. Re6 {[%emt 0:00:03] NeatFox gibt auf (Lag: Av=0.49s, max=1.2s)} 1-0

[Event "Stay Safe Play From Home 138"]
[Site "T#645932Emanuel Laske"]
[Date "2020.05.10"]
[Round "5"]
[White "Chess_MX"]
[Black "Özgür7"]
[Result "1-0"]
[WhiteElo "1691"]
[BlackElo "1623"]
[Annotator "NA RC"]
[PlyCount "55"]
[EventDate "2020.05.10"]
[EventType "swiss (blitz)"]

1. e4 {[%emt 0:00:04]} e5 {[%emt 0:00:02]} 2. d4 {[%emt 0:00:02]} exd4 {[%emt 0:00:03]} 3. Bc4 {[%emt 0:00:01]} c5 {[%emt 0:00:02]} 4. Nf3 {[%emt 0:00:10]} Nc6 {[%emt 0:00:14]} 5. c3 {[%emt 0:00:06]} dxc3 {[%emt 0:00:10]} 6. Nxc3 {[%emt 0:00:00]} Be7 {[%emt 0:00:10]} 7. O-O {[%emt 0:00:04]} d6 {[%emt 0:00:06]} 8. Bf4 {[%emt 0:00:11]} Bg4 {[%emt 0:00:03]} 9. h3 {[%emt 0:00:19]} Bh5 {[%emt 0:00:05]} 10. g4 {[%emt 0:00:02]} Bg6 {[%emt 0:00:03]} 11. Nb5 {[%emt 0:00:08]} Bxe4 {[%emt 0:00:18]} 12. Re1 {[%emt 0:00:27]} d5 {[%emt 0:00:06]} 13. Nc7+ {[%emt 0:00:07]} Kf8 {[%emt 0:00:15]} 14. Nxa8 {[%emt 0:00:16]} dxc4 {[%emt 0:00:11]} 15. Rxe4 {[%emt 0:00:07]} Qxa8 {[%emt 0:00:12]} 16. Qe2 {[%emt 0:00:40]} Nf6 {[%emt 0:00:05]} 17. Rxc4 {[%emt 0:00:22]} Qd8 {[%emt 0:00:18]} 18. Rd1 {[%emt 0:00:08]} Qc8 {[%emt 0:00:17]} 19. g5 {[%emt 0:00:17]} Nh5 {[%emt 0:00:09]} 20. Bd6 {[%emt 0:00:16]} Bxd6 {[%emt 0:00:10]} 21. Rxd6 {[%emt 0:00:02]} g6 {[%emt 0:00:14]} 22. Ne5 {[%emt 0:00:28]} Nxe5 {[%emt 0:00:12]} 23. Qxe5 {[%emt 0:00:03]} Rg8 {[%emt 0:00:25]} 24. Rxc5 {[%emt 0:00:05]} Qa8 {[%emt 0:00:28]} 25. Rc7 {[%emt 0:00:08]} Rg7 {[%emt 0:00:13]} 26. Qe7+ {[%emt 0:00:08]} Kg8 {[%emt 0:00:02]} 27. Rd8+ {[%emt 0:00:00]} Qxd8 {[%emt 0:00:04]} 28. Qxd8# {[%emt 0:00:00] (Lag: Av=0.84s, max=2.3s)} 1-0

[Event "Stay Safe Play From Home 138"]
[Site "T#645932Emanuel Laske"]
[Date "2020.05.10"]
[Round "5"]
[White "Gmbasti"]
[Black "Little champs"]
[Result "0-1"]
[WhiteElo "1671"]
[BlackElo "2194"]
[Annotator "TA"]
[PlyCount "54"]
[EventDate "2020.05.10"]
[EventType "swiss (blitz)"]

{[%evp 9,54,16,19,18,18,4,93,64,102,62,128,125,136,100,100,64,67,69,77,77,68,47,51,41,52,6,8,0,0,0,93,0,0,0,2,0,12,-9,-13,-21,-15,-1016,-980,-959,-896,-972,-973]} 1. c4 c5 2. e3 d6 3. d4 cxd4 4. exd4 Nf6 5. Be3 g6 6. Nc3 {A30: Symmetrical English: Double Fianchetto and Hedgehog.} Bg7 7. Nf3 {[#]} Kf8 $146 (7... d5 $11) ({Predecessor:} 7... Bf5 8. Bd3 Bxd3 9. Qxd3 Nbd7 10. Qd2 Ng4 11. Bg5 h6 12. Bh4 O-O 13. O-O Ngf6 {0-1 (38) Nagy,L (1529)-Sucharda,T Hrdonov 2013}) 8. Bd3 {White is better.} e6 9. Qc2 Ke7 (9... Nc6 $14) 10. O-O $16 Re8 11. Bg5 Kf8 12. Ne4 {Black must now prevent c5.} d5 13. cxd5 (13. Bxf6 {seems wilder.} Bxf6 14. Nxf6 Qxf6 15. Rfe1 dxc4 16. Be4) 13... exd5 14. Qc5+ Kg8 15. Nxf6+ Bxf6 16. Bxf6 Qxf6 17. Qxd5 Nc6 18. Bc4 Be6 19. Qc5 {Hoping for d5.} Bg4 {[#]} (19... Nxd4 $11 {remains equal.} 20. Qxd4 (20. Nxd4 b6 $11) 20... Qxd4 21. Nxd4 Bxc4) 20. Ne5 (20. Qg5 $1 $16 {[%cal Rg5f6]} Qf5 21. Qxf5 gxf5 22. Ng5) 20... Nxe5 $11 21. dxe5 Rxe5 22. Qd4 $36 {[%mdl 2048] Threatens to win with Rae1. White fights for an advantage.} Be6 23. Bxe6 Qxe6 24. g3 b6 25. Rfe1 $2 {[%mdl 8192] [#]} (25. a3 $11) 25... Rxe1+ $19 {Black is clearly winning.} 26. Rxe1 Qxe1+ 27. Kg2 Re8 {Accuracy: White = 56%, Black = 67%.} 0-1

[Event "Stay Safe Play From Home 138"]
[Site "T#645932Emanuel Laske"]
[Date "2020.05.10"]
[Round "5"]
[White "Sadbat1122"]
[Black "Zacko1"]
[Result "0-1"]
[WhiteElo "1571"]
[BlackElo "1826"]
[Annotator "NA RC"]
[PlyCount "80"]
[EventDate "2020.05.10"]
[EventType "swiss (blitz)"]

1. e4 {[%emt 0:00:02]} c5 {[%emt 0:00:01]} 2. Nf3 {[%emt 0:00:01]} Nc6 {[%emt 0:00:01]} 3. c3 {[%emt 0:00:02]} Nf6 {[%emt 0:00:01]} 4. e5 {[%emt 0:00:02]} Nd5 {[%emt 0:00:01]} 5. d4 {[%emt 0:00:02]} cxd4 {[%emt 0:00:01]} 6. cxd4 {[%emt 0:00:02]} g6 {[%emt 0:00:01]} 7. Bc4 {[%emt 0:00:04]} Nb6 {[%emt 0:00:01]} 8. Bb3 {[%emt 0:00:02]} e6 {[%emt 0:00:01]} 9. O-O {[%emt 0:00:03]} Bg7 {[%emt 0:00:00]} 10. Bg5 {[%emt 0:00:04]} Qc7 {[%emt 0:00:01]} 11. Bf6 {[%emt 0:00:04]} O-O {[%emt 0:00:02]} 12. Bxg7 {[%emt 0:00:04]} Kxg7 {[%emt 0:00:02]} 13. Ng5 {[%emt 0:00:03]} d6 {[%emt 0:00:01]} 14. f4 {[%emt 0:00:06]} h6 {[%emt 0:00:03]} 15. Ne4 {[%emt 0:00:03]} d5 {[%emt 0:00:02]} 16. Nf6 {[%emt 0:00:09]} Nd7 {[%emt 0:00:01]} 17. Ng4 {[%emt 0:00:04]} h5 {[%emt 0:00:02]} 18. Ne3 {[%emt 0:00:02]} Qb6 {[%emt 0:00:03]} 19. Nc2 {[%emt 0:00:05]} a5 {[%emt 0:00:02]} 20. Nd2 {[%emt 0:00:20]} a4 {[%emt 0:00:04]} 21. Kh1 {[%emt 0:00:13]} axb3 {[%emt 0:00:14]} 22. axb3 {[%emt 0:00:02]} Rxa1 {[%emt 0:00:02]} 23. Qxa1 {[%emt 0:00:02]} Nxd4 {[%emt 0:00:02]} 24. Nxd4 {[%emt 0:00:02]} Qxd4 {[%emt 0:00:01]} 25. Qc1 {[%emt 0:00:11]} Nc5 {[%emt 0:00:12]} 26. Nf3 {[%emt 0:00:02]} Qb4 {[%emt 0:00:03]} 27. Qe3 {[%emt 0:00:12]} Bd7 {[%emt 0:00:13]} 28. Ng5 {[%emt 0:00:08]} Bc6 {[%emt 0:00:12]} 29. Qh3 {[%emt 0:00:05]} Ne4 {[%emt 0:00:02]} 30. Nxe4 {[%emt 0:00:02]} dxe4 {[%emt 0:00:01]} 31. Qh4 {[%emt 0:00:04]} Re8 {[%emt 0:00:06]} 32. Qf6+ {[%emt 0:00:02]} Kg8 {[%emt 0:00:01]} 33. Qg5 {[%emt 0:00:11]} e3 {[%emt 0:00:17]} 34. f5 {[%emt 0:00:04]} exf5 {[%emt 0:00:04]} 35. Qxe3 {[%emt 0:00:03]} Qe4 {[%emt 0:00:02]} 36. Qg3 {[%emt 0:00:03]} Qxe5 {[%emt 0:00:05]} 37. Qg5 {[%emt 0:00:03]} Kg7 {[%emt 0:00:03]} 38. h4 {[%emt 0:00:06]} Qe2 {[%emt 0:00:05]} 39. Rg1 {[%emt 0:00:03]} Qe3 {[%emt 0:00:02]} 40. Qxe3 {[%emt 0:00:05]} Rxe3 {[%emt 0:00:01] Sadbat1122 resigns (Lag: Av=0.64s, max=1.2s)} 0-1

[Event "Stay Safe Play From Home 138"]
[Site "T#645932Emanuel Laske"]
[Date "2020.05.10"]
[Round "6"]
[White "Little champs"]
[Black "Chess_MX"]
[Result "1-0"]
[WhiteElo "2195"]
[BlackElo "1705"]
[Annotator "TA"]
[PlyCount "53"]
[EventDate "2020.05.10"]
[EventType "swiss (blitz)"]

{[%evp 9,53,20,18,22,37,17,12,12,2,18,43,30,28,30,102,64,68,-63,122,104,305,307,318,316,289,190,312,277,287,262,266,267,254,242,252,219,431,408,1160,1129,1108,1107,1042,1378,1237,775]} 1. d4 d5 2. e3 Nf6 3. Nf3 Bf5 4. c4 e6 5. Qb3 b6 6. Nc3 {D06: Queen's Gambit: Symmetrical and Baltic Defences.} Be7 7. h3 O-O {[#]} 8. cxd5 $146 {The position is equal.} ({Predecessor:} 8. Be2 h6 9. Ne5 Bd6 10. O-O a6 11. cxd5 exd5 12. g4 Be6 13. f4 Bxe5 14. fxe5 Nh7 15. Qc2 Qh4 16. Kg2 Ng5 17. e4 Qxh3+ {0-1 (17) Chen,S (1645)-Olsen,S (1644) ICCF email 2014}) 8... exd5 9. g4 Be4 10. Bg2 c5 11. O-O c4 (11... cxd4 $11 {remains equal.} 12. Nxe4 (12. Nxd4 Bxg2 13. Kxg2 Na6 $11) 12... Nxe4) 12. Qd1 Bd3 13. Re1 (13. Ne5 $1 $14) 13... Ne4 $2 (13... Nc6 $1 $15 {keeps the upper hand.}) 14. Ne5 $16 Bf6 $2 {Now Black is done in.} (14... Nxc3 $16 15. bxc3 Be4) 15. Nxd3 $18 Nxc3 16. bxc3 cxd3 17. Qxd3 {Ba3 is the strong threat.} Nd7 (17... Nc6 $142 18. e4 Na5) 18. Ba3 Re8 19. e4 dxe4 20. Bxe4 {[%mdl 64] [#] Double Attack} Rc8 21. Bxh7+ Kh8 {and the idea ...g6 leaves Black hopeful.} 22. Bf5 {Threatens to win with Qb5.} Rc7 $2 (22... g6) 23. Qg3 Kg8 (23... Rg8 $142 24. Be7 Rxc3 25. Qxc3 Bxe7) 24. Rxe8+ {[%mdl 64] [#] Overworked Piece. White is clearly winning.} Qxe8 25. Qxc7 {[%mdl 64] Double Attack} Nf8 26. Bxf8 Qxf8 27. Qc8 {Accuracy: White = 58%, Black = 37%.} 1-0

[Event "Stay Safe Play From Home 138"]
[Site "T#645932Emanuel Laske"]
[Date "2020.05.10"]
[Round "6"]
[White "Sfantul321"]
[Black "Kongle"]
[Result "0-1"]
[WhiteElo "2085"]
[BlackElo "1797"]
[Annotator "TA"]
[PlyCount "88"]
[EventDate "2020.05.10"]
[EventType "swiss (blitz)"]

{[%evp 15,87,31,32,10,25,27,29,32,36,22,39,-10,10,-47,-55,-47,-41,-61,189,186,209,225,254,268,282,277,282,282,309,177,498,-564,-22,-31,-28,-43,-15,-26,0,0,115,0,0,-79,19,-40,-38,-60,-32,-241,-50,-65,-66,-202,0,-729,-59,-5239,-5227,-29988,-29989,-29988,-29989,-29990,-29991,-29994,-29995,-29996,-29995,-29995,-29996,-29998,-29999,-29999]} 1. c4 e5 2. Nc3 Nc6 3. g3 f5 4. Bg2 Nf6 5. d3 Bc5 6. e3 d6 7. Nge2 a6 8. O-O O-O 9. h3 {A25: English Opening vs King's Indian with ...Nc6 but without early d3.} Qe8 {[#]} 10. Nd5 $146 ({Predecessor:} 10. d4 Ba7 11. dxe5 dxe5 12. Nd5 Nxd5 13. cxd5 Nd8 14. Qb3 Nf7 15. Bd2 Nd6 16. Rac1 Qe7 {1-0 (24) Garcia Punzano,J (1807)-Castillo Dalmau,A (1368) Barcelona 2016}) 10... Nxd5 11. Bxd5+ {White has an edge.} Kh8 $1 12. Bg2 Qg6 13. d4 Ba7 14. f4 ({White should try} 14. dxe5 $11 dxe5 15. b3) 14... exd4 $15 15. exd4 Re8 16. Kh2 Rxe2 $2 (16... Qe6 $15 {stays ahead.} 17. Bf3 Qxc4) 17. Qxe2 $18 {Black must now prevent d5.} Nxd4 18. Qd3 c5 19. Be3 Bd7 20. Bxb7 Rb8 21. Bg2 ({Not} 21. Bxa6 Rxb2+ 22. Bd2 (22. Rf2 Nf3+ 23. Kg2 Bc6 $17) 22... Bc6 $17) 21... Rxb2 {intending ...Bc6.} 22. Rab1 (22. Rf2 $142 Rb8 23. Rb1) 22... Rxa2 $2 (22... Rxg2+ 23. Kxg2 Bc6+ 24. Kh2 h6 25. Bxd4 cxd4) 23. Rb7 $4 {[%mdl 8192] [#]} (23. Rf2 $18 Rxf2 24. Bxf2) 23... Bc6 $2 (23... Rxg2+ $1 $19 {[%mdl 512]} 24. Kxg2 Bc6+ {[%mdl 64] Double Attack} 25. Kh2 Bxb7 26. Bxd4 cxd4) 24. Bf2 $11 Bxb7 25. Bxb7 h5 26. Bg2 {Threatening Qb1.} h4 27. gxh4 Ne2 (27... Re2 $11 {keeps the balance.}) 28. Qf3 (28. Qe3 $1 $16) 28... d5 {...Bb8 is the strong threat.} 29. h5 (29. Re1 $11 Nd4 30. Bxd4 cxd4 31. h5) 29... Qe6 (29... Qd6 $17 {And now ...Bb8 would win.} 30. cxd5 Qxf4+ 31. Qxf4 Nxf4) 30. cxd5 (30. Qb3 $1 $11 Rd2 31. Qb7 (31. Bxd5 Qd6 $11) 31... Nxf4 32. Qxa7) 30... Qd6 $36 {[%mdl 2048] White is under pressure.} 31. Bh4 {White wants to play Qe3.} c4 (31... Bb8 $5 {[%cal Rd6f4]} 32. Bg5 Nd4 $11) 32. Bg5 $2 (32. h6 $1 $15) 32... c3 $2 (32... Nd4 $19 33. Qc3 Qxd5) 33. Re1 $1 Nd4 34. Qg3 {[#]} (34. Qxc3 $15 Qxd5 35. Qg3) 34... c2 $2 (34... Kh7 $1 $19 {Hoping for ...Re2.} 35. Kh1 c2) 35. Qc3 $2 {[%mdl 8192]} (35. h6 $11 Ne2 36. Rxe2 Bg1+ 37. Kh1) 35... c1=Q $2 (35... Qc5 $19 36. Qxc5 Bxc5) 36. Qxc1 $4 {[%mdl 8192] [#]} (36. Rxc1 $15 Rxg2+ 37. Kxg2 Qxd5+ 38. Kh2) 36... Qxd5 $1 $19 {[%csl Ga2][%cal Rd5g2]} 37. Rg1 Nf3+ {[%mdl 64] Double Attack, Discovered Attack. Black mates.} 38. Kh1 Bxg1 39. Qc8+ Kh7 40. h6 Bd4 41. Qc1 {[#]} Ra1 $1 42. Qxa1 Bxa1 43. hxg7 Qd1+ 44. Bf1 Qxf1# {What a bad dream for White. Accuracy: White = 46%, Black = 40%.} 0-1

[Event "Stay Safe Play From Home 138"]
[Site "T#645932Emanuel Laske"]
[Date "2020.05.10"]
[Round "6"]
[White "Weltszmerc"]
[Black "lazieri3"]
[Result "1-0"]
[WhiteElo "2017"]
[BlackElo "2076"]
[Annotator "TA"]
[PlyCount "97"]
[EventDate "2020.05.10"]
[EventType "swiss (blitz)"]

{[%evp 9,96,0,60,59,68,24,39,29,30,0,22,19,23,22,24,32,26,30,26,0,66,12,7,-9,-12,-13,0,-8,0,0,23,-12,0,0,6,0,29,-10,-6,-14,0,-11,10,0,0,0,11,11,21,0,25,0,18,18,18,18,28,25,55,0,8,0,8,0,77,77,116,116,281,257,265,246,452,451,5373,437,437,422,368,281,464,456,457,450,450,431,29997,29998,29999]} 1. d4 c6 2. c4 d5 3. Nf3 Nf6 4. g3 Bf5 5. Qb3 Qc8 (5... Qb6 $11) 6. Nc3 $14 {D11: Slav Defence: 3 Nf3 sidelines and 3...Nf6 4 e3 Bg4.} e6 7. Bg2 h6 8. O-O {White is slightly better.} Be7 9. Bd2 O-O 10. Rac1 {[#]} dxc4 $146 ({Predecessor:} 10... Nbd7 11. cxd5 exd5 12. Ne5 Qb8 13. Nxd7 Bxd7 14. f3 Be6 {½-½ (14) Moreira,A (1807)-De Godoy,F Limeira 2018}) 11. Qxc4 Nbd7 12. Rfe1 Nb6 13. Qb3 Ne4 14. Bf4 Rd8 ({Better is} 14... Nd5 $11) 15. Red1 (15. Ne5 $14 Nxc3 16. bxc3) 15... Nd5 $11 16. Nxd5 exd5 17. Ne5 Nf6 18. Nd3 Bd6 19. Be5 Bxe5 20. Nxe5 Ng4 21. Nd3 (21. e3 {with more complications.} a5 22. a3 Nf6 23. f3 Qc7 24. Re1) 21... Bxd3 22. Qxd3 Qe6 23. Qf3 Nf6 24. e3 Ne4 25. h4 (25. Bf1 {is interesting.} a5 26. Bd3 Re8 27. Kg2 a4 28. h4) 25... Qf6 (25... Rd6 {seems wilder.} 26. Qe2 Qf5 27. b4 a6 28. a4 Rf6) 26. Qxf6 Nxf6 27. Bf3 h5 28. b4 a6 29. a4 g6 30. Rd2 Ne4 31. Bxe4 dxe4 {[%mdl 4096] Endgame KRR-KRR} 32. Rc5 f6 33. Rdc2 Rd6 34. b5 (34. d5 $14) 34... axb5 35. axb5 cxb5 36. Rxb5 b6 (36... Rc6 $11 {keeps the balance.} 37. Rxc6 bxc6) 37. Rc7 $16 Ra6 38. Kg2 Re6 $2 {Black cannot hold the game after this.} (38... Kf8 $16 {was necessary.} 39. Rb2 f5) 39. Rd5 $18 {[#] White threatens Rd8+ and mate.} Ra8 40. Rdd7 g5 $2 (40... f5 {might work better.} 41. d5 Rf6) 41. Rg7+ Kf8 (41... Kh8 $142 42. Rh7+ Kg8 43. Rcg7+ Kf8) 42. Rh7 (42. Rcf7+ $142 Ke8 43. Rh7) 42... Kg8 43. Rxh5 gxh4 44. Rxh4 b5 $2 (44... f5 45. Rh5 Rf6) 45. Rb7 Ra5 46. Rhh7 b4 47. Rhc7 {[#] Rc8+ would kill now.} Rd5 (47... Ra8 $18 48. Rxb4 f5) 48. Rc8+ Re8 49. Rxe8# {Accuracy: White = 72%, Black = 58%.} 1-0

[Event "Stay Safe Play From Home 138"]
[Site "T#645932Emanuel Laske"]
[Date "2020.05.10"]
[Round "6"]
[White "NeatFox"]
[Black "Dukic"]
[Result "0-1"]
[WhiteElo "1835"]
[BlackElo "1833"]
[Annotator "NA RC"]
[PlyCount "106"]
[EventDate "2020.05.10"]
[EventType "swiss (blitz)"]

1. e4 {[%emt 0:00:16]} c6 {[%emt 0:00:01]} 2. d4 {[%emt 0:00:02]} d6 {[%emt 0:00:01]} 3. Nf3 {[%emt 0:00:01]} Bg4 {[%emt 0:00:02]} 4. Be2 {[%emt 0:00:01]} Nd7 {[%emt 0:00:01]} 5. O-O {[%emt 0:00:01]} e5 {[%emt 0:00:01]} 6. dxe5 {[%emt 0:00:01]} dxe5 {[%emt 0:00:01]} 7. Be3 {[%emt 0:00:02]} Ngf6 {[%emt 0:00:01]} 8. Nc3 {[%emt 0:00:02]} b5 {[%emt 0:00:01]} 9. h3 {[%emt 0:00:01]} Bh5 {[%emt 0:00:02]} 10. a3 {[%emt 0:00:04]} a5 {[%emt 0:00:02]} 11. Qd3 {[%emt 0:00:12]} Be7 {[%emt 0:00:10]} 12. Rad1 {[%emt 0:00:12]} Qc7 {[%emt 0:00:01]} 13. Ng5 {[%emt 0:00:08]} Bg6 {[%emt 0:00:02]} 14. h4 {[%emt 0:00:17]} Rd8 {[%emt 0:00:08]} 15. Bf3 {[%emt 0:00:19]} h6 {[%emt 0:00:03]} 16. Nh3 {[%emt 0:00:02]} O-O {[%emt 0:00:09]} 17. Qe2 {[%emt 0:00:02]} Nc5 {[%emt 0:00:13]} 18. Bxc5 {[%emt 0:00:04]} Bxc5 {[%emt 0:00:02]} 19. g4 {[%emt 0:00:06]} Nd7 {[%emt 0:00:07]} 20. g5 {[%emt 0:00:10]} Bd4 {[%emt 0:00:24]} 21. gxh6 {[%emt 0:00:07]} gxh6 {[%emt 0:00:05]} 22. Bh5 {[%emt 0:00:07]} Nf6 {[%emt 0:00:10]} 23. Bxg6 {[%emt 0:00:02]} fxg6 {[%emt 0:00:02]} 24. Kg2 {[%emt 0:00:12]} Nh5 {[%emt 0:00:07]} 25. f3 {[%emt 0:00:04]} Qe7 {[%emt 0:00:02]} 26. Qe1 {[%emt 0:00:05]} Qf6 {[%emt 0:00:16]} 27. Rd3 {[%emt 0:00:08]} Bc5 {[%emt 0:00:43]} 28. Rxd8 {[%emt 0:00:10]} Rxd8 {[%emt 0:00:03]} 29. Qe2 {[%emt 0:00:06]} Qxh4 {[%emt 0:00:05]} 30. Qe1 {[%emt 0:00:08]} Qxe1 {[%emt 0:00:28]} 31. Rxe1 {[%emt 0:00:01]} Rd2+ {[%emt 0:00:01]} 32. Re2 {[%emt 0:00:00]} Rd7 {[%emt 0:00:12]} 33. Kf1 {[%emt 0:00:06]} Kf7 {[%emt 0:00:01]} 34. Ke1 {[%emt 0:00:06]} Bd4 {[%emt 0:00:06]} 35. Rd2 {[%emt 0:00:04]} Bxc3 {[%emt 0:00:12]} 36. bxc3 {[%emt 0:00:00]} Rxd2 {[%emt 0:00:03]} 37. Kxd2 {[%emt 0:00:00]} g5 {[%emt 0:00:03]} 38. Ke3 {[%emt 0:00:01]} Ke6 {[%emt 0:00:02]} 39. Nf2 {[%emt 0:00:03]} Kd6 {[%emt 0:00:01]} 40. Ng4 {[%emt 0:00:01]} Nf4 {[%emt 0:00:05]} 41. Nxh6 {[%emt 0:00:01]} Ne6 {[%emt 0:00:02]} 42. Nf7+ {[%emt 0:00:01]} Kc5 {[%emt 0:00:02]} 43. Nxg5 {[%emt 0:00:00]} Nxg5 {[%emt 0:00:02]} 44. f4 {[%emt 0:00:01]} exf4+ {[%emt 0:00:02]} 45. Kxf4 {[%emt 0:00:00]} Ne6+ {[%emt 0:00:01]} 46. Ke5 {[%emt 0:00:00]} Nc7 {[%emt 0:00:02]} 47. Kf6 {[%emt 0:00:01]} Kc4 {[%emt 0:00:01]} 48. e5 {[%emt 0:00:00]} Kxc3 {[%emt 0:00:01]} 49. e6 {[%emt 0:00:00]} Nxe6 {[%emt 0:00:01]} 50. Kxe6 {[%emt 0:00:01]} Kxc2 {[%emt 0:00:01]} 51. Kd6 {[%emt 0:00:00]} b4 {[%emt 0:00:02]} 52. axb4 {[%emt 0:00:01]} axb4 {[%emt 0:00:01]} 53. Kxc6 {[%emt 0:00:00]} b3 {[%emt 0:00:00] NeatFox gibt auf (Lag: Av=0.35s, max=0.6s)} 0-1

[Event "Stay Safe Play From Home 138"]
[Site "T#645932Emanuel Laske"]
[Date "2020.05.10"]
[Round "6"]
[White "Zacko1"]
[Black "Haris kollari 13"]
[Result "1-0"]
[WhiteElo "1833"]
[BlackElo "1906"]
[Annotator "TA"]
[PlyCount "149"]
[EventDate "2020.05.10"]
[EventType "swiss (blitz)"]

{[%evp 9,148,9,18,13,81,19,84,90,82,83,90,75,90,100,131,81,106,112,129,95,95,87,114,110,152,108,172,175,157,165,195,153,210,193,300,68,63,-59,0,0,22,8,11,0,24,6,6,6,7,10,53,9,104,107,94,104,197,195,212,202,257,261,584,572,864,846,768,758,1072,702,738,729,743,716,954,943,1059,1011,29989,892,889,889,1000,959,1614,1304,29970,29970,29978,29979,29980,29981,29981,29975,29974,872,6035,792,29969,29971,29970,29970,29983,29957,29970,29969,29964,29966,29968,29972,29970,29970,29968,29972,29987,29985,29986,29987,29991,29992,29992,29989,29991,29992,29992,29993,29993,29994,29994,29994,29994,29995,29995,29993,29996,29995,29997,29998,29998,29999,29999]} 1. c4 b6 2. Nc3 Bb7 3. Nf3 g6 4. g3 Bg7 5. Bg2 Nf6 6. d4 {A10: English Opening: Unusual Replies for Black.} Nc6 (6... Ne4 $11) 7. d5 (7. O-O $16) 7... Nb8 (7... Na5 $11 {remains equal.}) 8. O-O $16 {White is better.} O-O 9. e4 d6 10. Be3 {[#]} Nfd7 $146 ({Predecessor:} 10... Nbd7 11. h3 c6 12. dxc6 Bxc6 13. Nd4 Bb7 14. Rc1 Nc5 15. f3 Qc7 16. b4 Ne6 {1-0 (68) Ditt,E (2204)-Miller,B Southampton 2003}) 11. Bd4 f6 12. Qd2 c5 13. Be3 Na6 14. b3 Nc7 15. Bh6 Rf7 16. Bxg7 Kxg7 17. Ne1 Nf8 (17... b5 $16) 18. f4 e6 19. dxe6 Ncxe6 20. Nf3 Qc7 (20... Qe8 $16 {might work better.} 21. Rad1 Nc7) 21. Nb5 Qd7 (21... Qe7 $142 22. Nxd6 Rd8) 22. Qxd6 $2 ({Much less strong is} 22. Nxd6 $6 Rd8 $18) (22. f5 $18) 22... Bxe4 $14 23. Rfd1 (23. Qxd7 $14 Rxd7 24. Rae1) 23... Rd8 (23... Qb7 $1 $15 24. Kf2 Rd7 25. Qxd7+ Nxd7) 24. Qxd7 $11 Rdxd7 25. Ne1 Bxg2 26. Nxg2 a6 27. Nd6 Rfe7 {[#] And now ...Nd4 would win.} 28. Nc8 Rxd1+ 29. Rxd1 Rb7 (29... Rd7 $5 {[%cal Rd7d1]} 30. Ne3 Rxd1+ 31. Nxd1 Nd7 $11) 30. Ne3 Nd4 (30... Rb8 $1 $11 {keeps the balance.} 31. Ne7 Nd4) 31. Nd5 $36 {[%mdl 2048] Black is under strong pressure. White now steadily converts the win.} b5 32. Nd6 Rd7 (32... Ra7 $16 {was worth a try.}) 33. Ne8+ $18 Kf7 34. Nexf6 Rd6 35. Ne4 $1 {[%csl LRc5,LRd6][%mdl 64] [#] Double Attack} Re6 $2 (35... Rc6 {is a better chance.} 36. cxb5 axb5) 36. Nxc5 Re2 37. Rxd4 bxc4 38. Rxc4 Rxa2 39. Ra4 Rd2 40. Ne3 Re2 41. Ng4 h5 42. Ne5+ Kf6 43. Rxa6+ Kf5 44. Ncd7 (44. Ra7 $142 Re1+ 45. Kg2 Nh7 46. Rxh7 Re2+ 47. Kh3 Rxh2+ 48. Kxh2 g5 49. Rf7#) 44... Nxd7 45. Nxd7 {[%mdl 4096] Endgame KRN-KR} Kg4 46. Rxg6+ Kh3 47. Kf1 Rxh2 48. f5 Rd2 49. Nf6 h4 50. gxh4 Kxh4 51. Rg2 Rd3 52. Rb2 (52. Ne4 $142 Rd8 53. f6 Rf8 54. Ke2 Kh5 55. b4 Kh4 56. b5 Kh5 57. b6) 52... Rf3+ 53. Ke2 Rxf5 54. Ne4 {White mates.} Kg4 55. Kd3 Kf4 56. Nd2 Rb5 57. Kc4 Rb8 58. b4 Ke5 59. b5 Kd6 60. Kb4 Kc7 61. Nc4 Kb7 62. Rd2 Rg8 63. Rd7+ Kb8 64. b6 Rg1 65. Kc5 Rg5+ 66. Kc6 {[%cal Rd7d8]} Rg6+ 67. Nd6 {[%cal Rd7d8]} Rg8 68. Re7 Rh8 69. Re8+ Rxe8 70. Nxe8 Kc8 71. Nd6+ Kb8 72. b7 Ka7 73. Kc7 Ka6 74. b8=Q {[%csl Gc7][%cal Rb8b6]} Ka5 75. Qb5# {Accuracy: White = 66%, Black = 35%.} 1-0